| 000 | 01406nam a2200277 i 4500 | ||
|---|---|---|---|
| 001 | 15938 | ||
| 003 | ES-MaACL | ||
| 005 | 20230906151212.0 | ||
| 007 | t| | ||
| 008 | 000525s2000 sp |||| | spa d | ||
| 020 | _a84-921168-6-2 | ||
| 080 | _a347(44) | ||
| 080 | _a347(410) | ||
| 100 | 1 |
_aPoncelet, François Frédéric. _992958 |
|
| 245 | 1 | 0 |
_aIntroducción histórica al derecho civil francés e inglés / _cFrançois Frédéric Poncelet, William Amos Scarborough Westoby ; traducciones y prólogo a cargo de Eduardo Pardo Unanua ; edición, revisión de la traducción y notas adicionales a cargo de María Encarnación Gómez Rojo. |
| 260 |
_a[Málaga] : _bCátedra de Historia del Derecho y de las Instituciones de la Facultad de Derecho de la Universidad de Málaga, _c[2000] |
||
| 300 |
_a185 p. ; _c22 cm. |
||
| 505 | 0 | _aCompendio de historia del derecho civil en Francia / François Frédéric Poncelet. Resumen de legislación inglesa en materia civil / William Amos Scarborough Westoby | |
| 650 |
_aDerecho civil- _zFrancia- _vHistoria. _911666 |
||
| 650 | 1 | 4 |
_aDerecho civil- _zGran Bretaña. _911668 |
| 700 | 1 |
_aWestoby, William Amos Scarborough. _9116575 |
|
| 700 | 1 |
_aPardo Unanua, Eduardo. _989014 |
|
| 700 | 1 |
_aGómez Rojo, María E. _958143 |
|
| 710 | 2 |
_aUniversidad de Málaga. _bCátedra de Historia del Derecho y de las Instituciones. _9162592 |
|
| 852 |
_aES-MaACL _jL-22876 |
||
| 999 |
_c15938 _d15938 |
||